| 000 | 01770nam0a2200337 4500 | ||
|---|---|---|---|
| 001 | RU\NLR\bibl\1280313 | ||
| 005 | 20260406080038.0 | ||
| 010 |
_a978-5-9704-0725-7 _91500 |
||
| 021 |
_aRU _b2008-62030 _93505 |
||
| 035 | _a(NLR Aleph) 001266093 | ||
| 090 |
_a409570 _c409570 |
||
| 100 | _a20081002d2008 |||y0rusy50 ca | ||
| 101 | 0 | _arus | |
| 102 | _aRU | ||
| 105 | _aa ||||||||| | ||
| 200 | 1 |
_aОбщая эпидемиология с основами доказательной медицины _eруководство к практическим занятиям _eучебное пособие для вузов _f[доц., к.м.н. Бражников А.Ю. [и др.] _gпод. ред.: акад. РАМН, проф. В.И. Покровского, чл.-корр. РАМН, проф. Н.И. Брико |
|
| 210 |
_aМосква _cГэотар-Медиа _d2008 |
||
| 215 |
_a399 с. _cил. _d22 |
||
| 320 | _aБиблиогр. в конце отд. глав | ||
| 606 | 1 |
_aЭпидемиология _jУчебные издания для высших учебных заведений _9945255 _3RU\NLR\auth\6631843 |
|
| 606 | 1 |
_aДоказательная медицина _jУчебные издания для высших учебных заведений _92319793 _3RU\NLR\auth\661387878 |
|
| 686 | _aР19я73 | ||
| 686 | _aР.в62я73 | ||
| 702 | 1 |
_4220 _7ca _8rus _aБражников _bА. Ю. _gАлексей Юрьевич _92647614 _3RU\NLR\AUTH\770275647 |
|
| 702 | 1 |
_8rus _7ca _aПокровский _bВ. И. _cд-р мед. наук _f1929-2020 _gВалентин Иванович _3RU\NLR\AUTH\7740346 _923298 |
|
| 801 | 0 |
_aRU _bNLR _c20081002 _gRCR |
|
| 801 | 1 |
_aRU _bNLR _c20081002 |
|
| 942 | _cBOOK | ||
| 980 | _aNB | ||